[Event "Helsinki Easter op"]
[Site "Helsinki"]
[Date "2018.04.01"]
[Round "5"]
[White "Hynna, Kevin"]
[Black "Dannenberg, Alia"]
[Result "0-1"]
[WhiteElo "1989"]
[BlackElo "1944"]
[PlyCount "56"]
[EventDate "2018.03.30"]
[EventType "swiss"]
[EventRounds "6"]
[EventCountry "FIN"]
[SourceTitle "EXT 2019"]
[Source "ChessBase"]
[SourceDate "2018.10.10"]
[SourceVersion "1"]
[SourceVersionDate "2018.10.10"]
[SourceQuality "1"]

1. b3 Nf6 2. Bb2 b6 3. Nf3 Bb7 4. Nc3 c5 5. e3 e6 6. Be2 Be7 7. d4 cxd4 8. Nxd4 0-0 9. Bf3 d5 10. h4 Nbd7 11. g4 Rc8 12. a3 Nc5 13. g5 Nfe4 14. Bxe4 Nxe4 15. Nxe4 dxe4 16. Qe2 Rc5 17. 0-0-0 Qc8 18. b4 Rc4 19. Kb1 a5 20. h5 axb4 21. axb4 Rxb4 22. g6 h6 23. gxf7+ Rxf7 24. Qg4 Bf6 25. Rhg1 Qc3 26. Kc1 Qxb2+ 27. Kd2 Bxd4 28. exd4 Rxd4+ 0-1

[Event "Helsinki Easter op"]
[Site "Helsinki"]
[Date "2018.04.01"]
[Round "4"]
[White "Patosalmi, Juha"]
[Black "Hynna, Kevin"]
[Result "1-0"]
[WhiteElo "1919"]
[BlackElo "1989"]
[PlyCount "41"]
[EventDate "2018.03.30"]
[EventType "swiss"]
[EventRounds "6"]
[EventCountry "FIN"]
[SourceTitle "EXT 2019"]
[Source "ChessBase"]
[SourceDate "2018.10.10"]
[SourceVersion "1"]
[SourceVersionDate "2018.10.10"]
[SourceQuality "1"]

1. e4 Nc6 2. Nf3 e5 3. d4 exd4 4. Nxd4 Bc5 5. Be3 Bb6 6. Nf5 Qf6 7. Nc3 Nge7 8. Bxb6 axb6 9. Ne3 0-0 10. Bd3 d6 11. 0-0 Qh6 12. Nb5 f5 13. exf5 Ne5 14. Nxc7 Nxd3 15. Qxd3 Ra5 16. Qb3+ Kh8 17. Ne6 Nxf5 18. Nxf8 Nh4 19. Qf7 Rg5 20. Nd7 g6 21. Qe8+ 1-0

[Event "Helsinki Easter op"]
[Site "Helsinki"]
[Date "2018.03.30"]
[Round "1"]
[White "Nordlund, Henri"]
[Black "Hynna, Kevin"]
[Result "1/2-1/2"]
[WhiteElo "1820"]
[BlackElo "1989"]
[PlyCount "40"]
[EventDate "2018.03.30"]
[EventType "swiss"]
[EventRounds "6"]
[EventCountry "FIN"]
[SourceTitle "EXT 2019"]
[Source "ChessBase"]
[SourceDate "2018.10.10"]
[SourceVersion "1"]
[SourceVersionDate "2018.10.10"]
[SourceQuality "1"]

1. e4 c6 2. d4 d5 3. f3 e6 4. Nc3 Bb4 5. Bf4 h5 6. a3 Bd6 7. Bxd6 Qxd6 8. e5 Qd8 9. f4 Ne7 10. Nf3 Nd7 11. Bd3 a6 12. Ne2 h4 13. h3 c5 14. c3 b5 15. 0-0 g6 16. Qe1 Nf5 17. Bxf5 gxf5 18. Qf2 Qe7 19. b4 cxb4 20. cxb4 Nb6 1/2-1/2

[Event "Helsinki-ch Master"]
[Site "Helsinki"]
[Date "2017.12.30"]
[Round "2"]
[White "Pasanen, Tuomo Tapio"]
[Black "Hynna, Kevin"]
[Result "0-1"]
[WhiteElo "1995"]
[BlackElo "1967"]
[PlyCount "76"]
[EventDate "2017.12.29"]
[EventType "tourn"]
[EventRounds "7"]
[EventCountry "FIN"]
[SourceTitle "EXT 2019"]
[Source "ChessBase"]
[SourceDate "2018.10.10"]
[SourceVersion "1"]
[SourceVersionDate "2018.10.10"]
[SourceQuality "1"]

1. d4 Nf6 2. e3 d5 3. Bd3 Bg4 4. f3 Bh5 5. Nh3 Bg6 6. Nf4 Nbd7 7. Nc3 e6 8. e4 Nb6 9. h4 dxe4 10. fxe4 Bb4 11. Nxg6 hxg6 12. Bg5 Be7 13. Qf3 Qxd4 14. 0-0-0 0-0-0 15. Nb5 Qa4 16. Kb1 a6 17. b3 Qb4 18. e5 Nfd5 19. Bxe7 Qxe7 20. c4 Nb4 21. Nc3 Nxd3 22. Rxd3 Rxd3 23. Qxd3 Rxh4 24. Rd1 Rh8 25. Qf3 f5 26. exf6 gxf6 27. c5 Nd5 28. Nxd5 exd5 29. Rxd5 Rh1+ 30. Kb2 Qe1 31. Ka3 Qc1+ 32. Ka4 Rh4+ 33. g4 f5 34. Qd3 Rxg4+ 35. b4 Qg5 36. c6 Qe7 37. cxb7+ Kxb7 38. Rc5 Qxc5 0-1

[Event "Hameenlinna We HamSK"]
[Site "Hameenlinna"]
[Date "2017.06.10"]
[Round "2"]
[White "Hynna, Kevin"]
[Black "Luukkonen, Tommi"]
[Result "0-1"]
[WhiteElo "1964"]
[BlackElo "2336"]
[PlyCount "62"]
[EventDate "2017.06.10"]
[EventType "swiss"]
[EventRounds "5"]
[EventCountry "FIN"]
[SourceTitle "EXT 2022"]
[Source "ChessBase"]
[SourceDate "2021.10.06"]
[SourceVersion "1"]
[SourceVersionDate "2021.10.06"]
[SourceQuality "1"]

1. e4 c5 2. c3 d5 3. exd5 Nf6 4. Nf3 Nxd5 5. d4 cxd4 6. Bc4 Nb6 7. Bb5+ Nc6 8. Nxd4 Bd7 9. 0-0 Nxd4 10. Bxd7+ Qxd7 11. Qxd4 Qxd4 12. cxd4 Nd5 13. Bd2 g6 14. Nc3 Nxc3 15. bxc3 0-0-0 16. Rfe1 e6 17. Bg5 Rd5 18. Bf6 Rg8 19. c4 Rf5 20. Be5 Bb4 21. Re4 Rd8 22. g4 Rf3 23. Kg2 Ra3 24. Bf6 Rd7 25. Rb1 a5 26. d5 exd5 27. Re8+ Kc7 28. cxd5 Rxa2 29. Rc1+ Kb6 30. d6 Rxd6 31. Rb8 Rxf6 0-1

[Event "Helsinki We HSK kevat A"]
[Site "Helsinki"]
[Date "2017.05.28"]
[Round "5"]
[White "Hynna, Kevin"]
[Black "Patosalmi, Juha"]
[Result "1-0"]
[WhiteElo "1964"]
[BlackElo "1923"]
[PlyCount "59"]
[EventDate "2017.05.26"]
[EventType "swiss"]
[EventRounds "4"]
[EventCountry "FIN"]
[SourceTitle "EXT 2022"]
[Source "ChessBase"]
[SourceDate "2021.10.06"]
[SourceVersion "1"]
[SourceVersionDate "2021.10.06"]
[SourceQuality "1"]

1. e4 c5 2. c3 d6 3. d4 cxd4 4. cxd4 Nf6 5. Nc3 g6 6. Bd3 Bg7 7. Nge2 0-0 8. 0-0 Bd7 9. h3 Nc6 10. Be3 e6 11. Rc1 a6 12. Qd2 Rc8 13. f4 e5 14. fxe5 dxe5 15. d5 Ne7 16. d6 Nc6 17. Bg5 Qb6+ 18. Kh1 Nh5 19. Nd5 Qa7 20. g4 Nf4 21. Nexf4 exf4 22. Rxf4 Be6 23. Nf6+ Kh8 24. Qe1 Nd4 25. Rxc8 Rxc8 26. Qh4 h6 27. Bxh6 Rc1+ 28. Bf1 Rxf1+ 29. Rxf1 Bxh6 30. Qxh6# 1-0

[Event "FIN-chT1A 1516"]
[Site "Finland"]
[Date "2015.11.07"]
[Round "4.7"]
[White "Hynna, Kevin"]
[Black "Turtiainen, Tauno"]
[Result "1/2-1/2"]
[WhiteElo "1967"]
[BlackElo "1990"]
[PlyCount "37"]
[EventDate "2015.09.12"]
[EventType "team-tourn"]
[EventRounds "8"]
[EventCountry "FIN"]
[SourceTitle "EXT 2017"]
[Source "ChessBase"]
[SourceDate "2016.10.25"]
[SourceVersion "1"]
[SourceVersionDate "2016.10.25"]
[SourceQuality "1"]
[WhiteTeam "Helsinki I-HSK"]
[BlackTeam "Helsinki HSK II"]
[WhiteTeamCountry "FIN"]
[BlackTeamCountry "FIN"]

1. e4 c5 2. c3 Nf6 3. e5 Nd5 4. Nf3 e6 5. Bc4 Nb6 6. Bb3 Nc6 7. 0-0 d6 8. exd6 Bxd6 9. d4 cxd4 10. cxd4 Ne7 11. Bg5 Bd7 12. Nc3 Bc6 13. Qe2 0-0 14. Rfd1 Qe8 15. Nd2 h6 16. Bh4 Nf5 17. Qg4 Nxh4 18. Qxh4 Qe7 19. Qxe7 1/2-1/2

[Event "Helsinki Garde Autumn Weekend A"]
[Site "Helsinki"]
[Date "2015.09.20"]
[Round "5"]
[White "Hynna, Kevin"]
[Black "Ertbjerg, Per"]
[Result "0-1"]
[WhiteElo "2004"]
[BlackElo "1977"]
[PlyCount "76"]
[EventDate "2015.09.18"]
[EventType "swiss"]
[EventRounds "5"]
[EventCountry "FIN"]
[SourceTitle "EXT 2022"]
[Source "ChessBase"]
[SourceDate "2021.10.06"]
[SourceVersion "1"]
[SourceVersionDate "2021.10.06"]
[SourceQuality "1"]

1. e4 c5 2. c3 Nf6 3. e5 Nd5 4. Nf3 Nc6 5. Bc4 Nb6 6. Bb3 c4 7. Bc2 Qc7 8. Qe2 g6 9. 0-0 Bg7 10. Re1 0-0 11. b3 cxb3 12. axb3 d6 13. exd6 exd6 14. d4 Bg4 15. h3 Bxf3 16. Qxf3 Nxd4 17. cxd4 Qxc2 18. Be3 Qxb3 19. Qxb7 Qd5 20. Rxa7 Rxa7 21. Qxa7 Nc4 22. Nc3 Qf5 23. Nd1 Qd3 24. Kh1 Re8 25. Qd7 Ra8 26. Qb7 Qa3 27. Qd5 Qa6 28. Bf4 Rc8 29. Re7 Rf8 30. Rd7 Qa4 31. Nc3 Qxd7 32. Qxc4 Rc8 33. Qb4 Qc6 34. Nb5 Rb8 35. Qxd6 Qxd6 36. Nxd6 Bxd4 37. Bg3 Rb2 38. Nc4 Rc2 0-1

[Event "Helsinki Garde Autumn Weekend A"]
[Site "Helsinki"]
[Date "2015.09.20"]
[Round "4"]
[White "Norri, Joose"]
[Black "Hynna, Kevin"]
[Result "1-0"]
[WhiteElo "2315"]
[BlackElo "2004"]
[PlyCount "85"]
[EventDate "2015.09.18"]
[EventType "swiss"]
[EventRounds "5"]
[EventCountry "FIN"]
[SourceTitle "EXT 2022"]
[Source "ChessBase"]
[SourceDate "2021.10.06"]
[SourceVersion "1"]
[SourceVersionDate "2021.10.06"]
[SourceQuality "1"]

1. e4 c6 2. Nf3 d5 3. Nc3 Bg4 4. h3 Bxf3 5. Qxf3 Nf6 6. exd5 cxd5 7. Bb5+ Nc6 8. d4 e6 9. Bg5 Be7 10. 0-0-0 a6 11. Bxc6+ bxc6 12. h4 Nd7 13. Qg4 Nf6 14. Qg3 h6 15. Be3 Nh5 16. Qf3 g6 17. g4 Ng7 18. h5 g5 19. Qg3 Bd6 20. f4 f5 21. Ne2 Rg8 22. Kb1 Ra7 23. Qf3 fxg4 24. Qxg4 Nf5 25. Bc1 Rag7 26. fxg5 hxg5 27. h6 Rh7 28. Rh5 Kd7 29. Bxg5 Rxh6 30. Rxh6 Nxh6 31. Bxd8 Rxg4 32. Bb6 Rg2 33. Nc1 e5 34. dxe5 Bxe5 35. Nd3 Bd6 36. Rh1 Nf5 37. a4 Rg4 38. Rh7+ Ne7 39. a5 Rg6 40. Ka2 Ke6 41. Nc5+ Bxc5 42. Bxc5 Nc8 43. Rc7 1-0

[Event "FIN-chT1B 1415"]
[Site "Finland"]
[Date "2015.03.14"]
[Round "7.8"]
[White "Hynna, Kevin"]
[Black "Blinov, Jurij"]
[Result "1-0"]
[WhiteElo "1977"]
[BlackElo "1896"]
[PlyCount "49"]
[EventDate "2014.09.27"]
[EventType "team-tourn"]
[EventRounds "7"]
[EventCountry "FIN"]
[SourceTitle "EXT 2017"]
[Source "ChessBase"]
[SourceDate "2016.10.25"]
[SourceVersion "1"]
[SourceVersionDate "2016.10.25"]
[SourceQuality "1"]
[WhiteTeam "Helsinki HSK"]
[BlackTeam "Helsinki HSK II"]
[WhiteTeamCountry "FIN"]
[BlackTeamCountry "FIN"]

1. e4 e6 2. d4 d5 3. exd5 exd5 4. Bf4 c6 5. Bd3 Nf6 6. h3 Be7 7. Ne2 0-0 8. 0-0 Nh5 9. Bh2 f5 10. c4 f4 11. Nd2 Be6 12. Qc2 g6 13. Rae1 f3 14. Nxf3 Rxf3 15. gxf3 Bxh3 16. Bxg6 hxg6 17. Qxg6+ Ng7 18. Nf4 Bf5 19. Qg2 Kf7 20. cxd5 Nd7 21. Ne6 Nxe6 22. dxe6+ Bxe6 23. Rxe6 Kxe6 24. Qg6+ Nf6 25. Re1+ 1-0

[Event "Helsinki We LauttSK"]
[Site "Helsinki"]
[Date "2014.10.26"]
[Round "4"]
[White "Hynna, Kevin"]
[Black "Tumanov, Dmitri"]
[Result "1-0"]
[WhiteElo "1955"]
[BlackElo "2094"]
[PlyCount "49"]
[EventDate "2014.10.24"]
[EventType "swiss"]
[EventRounds "5"]
[EventCountry "FIN"]
[SourceTitle "EXT 2022"]
[Source "ChessBase"]
[SourceDate "2021.10.06"]
[SourceVersion "1"]
[SourceVersionDate "2021.10.06"]
[SourceQuality "1"]

1. e4 c5 2. c3 d5 3. exd5 Qxd5 4. d4 Nc6 5. Nf3 Bg4 6. dxc5 Qxd1+ 7. Kxd1 0-0-0+ 8. Nbd2 e5 9. b4 e4 10. h3 Bh5 11. g4 Bxg4 12. hxg4 exf3 13. Kc2 Ne5 14. g5 f6 15. Bh3+ Kb8 16. Ne4 fxg5 17. Nxg5 Be7 18. Bf4 Bxg5 19. Bxe5+ Ka8 20. Bxg7 Nf6 21. Bxh8 Rxh8 22. Bf5 h5 23. Rh3 Re8 24. Rxf3 Re2+ 25. Kb3 1-0

[Event "Helsinki We LauttSK"]
[Site "Helsinki"]
[Date "2014.10.25"]
[Round "2"]
[White "Hynna, Kevin"]
[Black "Demidov, Jan"]
[Result "0-1"]
[WhiteElo "1955"]
[BlackElo "2060"]
[PlyCount "116"]
[EventDate "2014.10.24"]
[EventType "swiss"]
[EventRounds "5"]
[EventCountry "FIN"]
[SourceTitle "EXT 2022"]
[Source "ChessBase"]
[SourceDate "2021.10.06"]
[SourceVersion "1"]
[SourceVersionDate "2021.10.06"]
[SourceQuality "1"]

1. e4 c5 2. c3 d5 3. exd5 Qxd5 4. d4 Nc6 5. Nf3 Bg4 6. dxc5 Qxd1+ 7. Kxd1 0-0-0+ 8. Kc2 Bf5+ 9. Kb3 e5 10. Be3 Rd1 11. Nfd2 Nf6 12. Ka4 Ne4 13. Nb3 Nf6 14. N1d2 Rxa1 15. Nxa1 Nd5 16. Bc4 Nxe3 17. fxe3 Bxc5 18. e4 Bg6 19. b4 Be3 20. Nab3 Rd8 21. Bd5 Bxd2 22. Nxd2 Bxe4 23. Nxe4 Rxd5 24. b5 Ne7 25. Kb4 b6 26. a4 f5 27. c4 Rd4 28. Ng5 Nd5+ 29. Kb3 Rd3+ 30. Kb2 Ne3 31. Rc1 Rd2+ 32. Kb3 Rxg2 33. Nxh7 Rxh2 34. Ng5 Rg2 35. Nf7 Rg3 36. c5 Ng4+ 37. Kb4 bxc5+ 38. Rxc5+ Kd7 39. Nxe5+ Nxe5 40. Rxe5 g6 41. Rd5+ Kc7 42. a5 Rg1 43. Rc5+ Kd6 44. Rc8 f4 45. a6 Rb1+ 46. Ka5 f3 47. Rf8 Kc5 48. Rc8+ Kd4 49. Rf8 Ke3 50. Re8+ Kf4 51. Re7 f2 52. Rxa7 f1Q 53. Rf7+ Ke5 54. Rxf1 Rxf1 55. Kb6 Kd6 56. a7 Ra1 57. Kb7 Kc5 58. b6 g5 0-1

[Event "Helsinki Garde We Helsinki"]
[Site "Helsinki"]
[Date "2014.09.13"]
[Round "2"]
[White "Hansen, Soren Bech"]
[Black "Hynna, Kevin"]
[Result "1-0"]
[WhiteElo "2324"]
[BlackElo "1981"]
[PlyCount "97"]
[EventDate "2014.09.12"]
[EventType "swiss"]
[EventRounds "5"]
[EventCountry "FIN"]
[SourceTitle "EXT 2022"]
[Source "ChessBase"]
[SourceDate "2021.10.06"]
[SourceVersion "1"]
[SourceVersionDate "2021.10.06"]
[SourceQuality "1"]

1. e4 c6 2. d4 d5 3. Nc3 dxe4 4. Nxe4 Bf5 5. Ng3 Bg6 6. h4 h6 7. Nf3 Nd7 8. h5 Bh7 9. Bd3 Bxd3 10. Qxd3 Ngf6 11. Bd2 e6 12. 0-0-0 Qb6 13. Ne5 Nxe5 14. dxe5 Nd7 15. Qe2 Qb5 16. Qxb5 cxb5 17. f4 Nb6 18. Ne4 Nd5 19. Rh3 Be7 20. Rb3 a6 21. a4 b4 22. Rg3 0-0 23. f5 Kh7 24. Rf3 exf5 25. Rxf5 Nc7 26. Nd6 a5 27. Nxf7 b5 28. Be3 Ne6 29. axb5 Kg8 30. Rdf1 a4 31. Nd6 a3 32. Rxf8+ Bxf8 33. bxa3 Rxa3 34. Kd2 Ra5 35. Bb6 Ra8 36. Nc4 b3 37. Rb1 Bb4+ 38. c3 Ra2+ 39. Kd3 Nf4+ 40. Ke4 Ne2 41. Rxb3 Nxc3+ 42. Kf3 Nd5 43. Bf2 Rc2 44. Ne3 Nxe3 45. Bxe3 Bc3 46. Ke4 Ba5 47. b6 Rxg2 48. b7 Bc7 49. Rc3 1-0

[Event "Helsinki Easter 4th op"]
[Site "Helsinki"]
[Date "2014.04.21"]
[Round "7"]
[White "Hallman, Valo"]
[Black "Hynna, Kevin"]
[Result "1/2-1/2"]
[WhiteElo "1774"]
[BlackElo "1965"]
[PlyCount "145"]
[EventDate "2014.04.17"]
[EventType "swiss"]
[EventRounds "7"]
[EventCountry "FIN"]
[SourceTitle "EXT 2022"]
[Source "ChessBase"]
[SourceDate "2021.10.06"]
[SourceVersion "1"]
[SourceVersionDate "2021.10.06"]
[SourceQuality "1"]

1. Nf3 d5 2. d4 Nf6 3. c4 c6 4. g3 Bf5 5. Bg2 e6 6. cxd5 exd5 7. 0-0 Be7 8. Nc3 0-0 9. Nh4 Be6 10. Qd3 Qd7 11. Re1 Rd8 12. Nf3 Bf5 13. Qd1 h6 14. Ne5 Qc7 15. Bf4 Bd6 16. Rc1 Qe7 17. Nd3 Bxf4 18. gxf4 Bxd3 19. Qxd3 Nbd7 20. e3 Nf8 21. Ne2 Ng6 22. Ng3 Re8 23. Rf1 Rac8 24. Rc2 h5 25. f5 Nh4 26. Qa3 Qxa3 27. bxa3 Nxg2 28. Kxg2 Re7 29. a4 Rec7 30. Rfc1 Kf8 31. a5 Ke7 32. Rb2 Kd6 33. Rcb1 Rb8 34. a6 b6 35. a4 c5 36. a5 Kc6 37. dxc5 Kxc5 38. Rc1+ Kd6 39. Rcb1 Rc6 40. Rxb6 axb6 41. a7 Ra8 42. axb6 Nd7 43. b7 Rxa7 44. b8Q+ Nxb8 45. Rxb8 g6 46. fxg6 fxg6 47. Ne2 Rg7 48. Nf4 Kc5 49. Nd3+ Kd6 50. Nf4 d4 51. exd4 Kc7 52. Rf8 Kd7 53. Ra8 Kd6 54. Rb8 Kc7 55. Rf8 Rd6 56. d5 Kb6 57. Kf3 Kb5 58. Ne6 Ra7 59. Rg8 Rxd5 60. Rxg6 Rd3+ 61. Kg2 Rh7 62. Rg5+ Kc6 63. Nf4 Rd4 64. Nxh5 Rh4 65. Ng3 Rxh2+ 66. Kf3 Rf7+ 67. Rf5 Ra7 68. Re5 Kd6 69. Re2 Rf7+ 70. Ke3 Kd5 71. Rd2+ Ke5 72. Ra2 Kf6 73. Ra6+ 1/2-1/2

[Event "FIN-ch op"]
[Site "Helsinki"]
[Date "2014.??.??"]
[Round "5"]
[White "Parkkinen, Jyrki"]
[Black "Hynna, Kevin"]
[Result "1/2-1/2"]
[WhiteElo "2197"]
[BlackElo "1944"]
[PlyCount "130"]
[EventDate "2014.06.??"]
[EventType "swiss"]
[EventRounds "9"]
[EventCountry "FIN"]
[SourceTitle "EXT 2017"]
[Source "ChessBase"]
[SourceDate "2016.10.25"]
[SourceVersion "1"]
[SourceVersionDate "2016.10.25"]
[SourceQuality "1"]

1. c4 c5 2. g3 Nc6 3. Bg2 g6 4. e3 Bg7 5. Ne2 e5 6. Nbc3 Nge7 7. 0-0 0-0 8. b3 d6 9. Bb2 Be6 10. f4 Qd7 11. Ne4 f5 12. Ng5 Rad8 13. Nxe6 Qxe6 14. a3 d5 15. cxd5 Nxd5 16. Qc2 b6 17. fxe5 Nxe5 18. Nf4 Nxf4 19. gxf4 Nd3 20. Bxg7 Kxg7 21. Rfb1 g5 22. Qc3+ Kg6 23. fxg5 f4 24. exf4 Nxf4 25. Re1 Qg4 26. Qg3 Qxg3 27. hxg3 Nxg2 28. Kxg2 Rxd2+ 29. Kh3 Rd3 30. Re6+ Kxg5 31. Re5+ Kf6 32. Re4 h5 33. b4 Rd4 34. Rf1+ Kg7 35. Re7+ Kg8 36. Rfe1 c4 37. Rxa7 Rc8 38. Ree7 Rg4 39. Rac7 Rxc7 40. Rxc7 Rd4 41. Rc6 h4 42. Rxb6 Rd3 43. Kxh4 Rxa3 44. Rc6 c3 45. Kg5 Rb3 46. Kg6 Kf8 47. Kf6 Kg8 48. Kg6 Kf8 49. Rc8+ Ke7 50. g4 Rxb4 51. g5 Rb3 52. Kh7 Rb5 53. g6 Rh5+ 54. Kg8 Rh3 55. g7 Rf3 56. Rf8 c2 57. Rc8 Rf2 58. Rc3 Rh2 59. Re3+ Kd7 60. Re1 Re2 61. Rc1 Rf2 62. Kh7 Rh2+ 63. Kg6 Rg2+ 64. Kf6 Rf2+ 65. Ke5 Rg2 1/2-1/2

[Event "Helsinki We ESK Group A"]
[Site "Helsinki"]
[Date "2013.12.06"]
[Round "2"]
[White "Hynna, Kevin"]
[Black "Syvalahti, Timo"]
[Result "1/2-1/2"]
[WhiteElo "1953"]
[BlackElo "1798"]
[PlyCount "77"]
[EventDate "2013.12.05"]
[EventType "swiss"]
[EventRounds "7"]
[EventCountry "FIN"]
[SourceTitle "EXT 2022"]
[Source "ChessBase"]
[SourceDate "2021.10.06"]
[SourceVersion "1"]
[SourceVersionDate "2021.10.06"]
[SourceQuality "1"]

1. e4 e6 2. d4 d5 3. Nd2 Nf6 4. e5 Nfd7 5. Bd3 c5 6. c3 Nc6 7. Ne2 cxd4 8. cxd4 f6 9. exf6 Nxf6 10. 0-0 Bd6 11. Nf3 0-0 12. Bg5 Qc7 13. Ng3 Bd7 14. Rc1 h6 15. Bxf6 Rxf6 16. Nh5 Rff8 17. Bb1 Be8 18. Ng3 Rf6 19. Re1 Bg6 20. Bxg6 Rxg6 21. Nh4 Rf6 22. Qg4 Bxg3 23. hxg3 Qd6 24. Re3 Re8 25. Rce1 Nb4 26. Rb3 b6 27. a3 Nc6 28. Rbe3 b5 29. Nf3 b4 30. Ne5 Rf5 31. Qg6 Ref8 32. Ng4 Ne7 33. Nxh6+ Kh8 34. Nxf5 Nxf5 35. Rxe6 Qc7 36. Re8 Qd6 37. Rxf8+ Qxf8 38. Re8 Qxe8 39. Qxe8+ 1/2-1/2

[Event "Helsinki We ESK Group A"]
[Site "Helsinki"]
[Date "2013.12.06"]
[Round "3"]
[White "Hynna, Kevin"]
[Black "Tocklin, Tomi"]
[Result "0-1"]
[WhiteElo "1953"]
[BlackElo "1817"]
[PlyCount "114"]
[EventDate "2013.12.05"]
[EventType "swiss"]
[EventRounds "7"]
[EventCountry "FIN"]
[SourceTitle "EXT 2022"]
[Source "ChessBase"]
[SourceDate "2021.10.06"]
[SourceVersion "1"]
[SourceVersionDate "2021.10.06"]
[SourceQuality "1"]

1. e4 c6 2. d4 d5 3. exd5 cxd5 4. c4 Nf6 5. Nc3 e6 6. Nf3 Be7 7. Bd3 dxc4 8. Bxc4 0-0 9. 0-0 Nc6 10. Bg5 a6 11. a4 Nb4 12. Re1 b6 13. Qb3 Bb7 14. Ne5 Nfd5 15. Bxe7 Qxe7 16. Nxd5 Nxd5 17. Qg3 Rac8 18. Bd3 Nb4 19. Ra3 Nc2 20. Bxc2 Rxc2 21. Qb3 Qc7 22. a5 b5 23. Qb4 Rd8 24. Rc3 Rxc3 25. Qxc3 Qd6 26. Qc5 f6 27. Qxd6 Rxd6 28. Nf3 Kf7 29. Rd1 e5 30. Nd2 Rxd4 31. Kf1 Bd5 32. Ke1 Bxg2 33. f3 Ra4 34. Nb3 Bxf3 35. Rd7+ Kg6 36. Rd6 Rb4 37. Nd2 Bb7 38. Rb6 Bc8 39. Rb8 Bf5 40. Rb6 Rxb2 41. Rxa6 Ra2 42. Ra8 b4 43. a6 Bc2 44. a7 b3 45. Nc4 Be4 46. Rb8 Rxa7 47. Rxb3 Bd5 48. Rg3+ Kf5 49. Ne3+ Ke6 50. Kf2 Ra2+ 51. Kg1 g6 52. Ng4 f5 53. Nh6 e4 54. h4 Rb2 55. h5 Kf6 56. Kh1 e3+ 57. Kg1 Rb1+ 0-1

[Event "Helsinki We HSL 6th"]
[Site "Helsinki"]
[Date "2013.??.??"]
[Round "5"]
[White "Virtanen, Teemu"]
[Black "Hynna, Kevin"]
[Result "1/2-1/2"]
[WhiteElo "1852"]
[BlackElo "1953"]
[PlyCount "40"]
[EventDate "2013.??.??"]
[EventType "swiss"]
[EventRounds "5"]
[EventCountry "FIN"]
[SourceTitle "EXT 2022"]
[Source "ChessBase"]
[SourceDate "2021.10.06"]
[SourceVersion "1"]
[SourceVersionDate "2021.10.06"]
[SourceQuality "1"]

1. e4 c6 2. c4 d5 3. exd5 cxd5 4. d4 Nf6 5. Nc3 Nc6 6. Bf4 g6 7. Qd2 Bg7 8. Nf3 0-0 9. Be2 Ne4 10. Qe3 Qb6 11. Nxd5 Qxb2 12. 0-0 Nxd4 13. Rab1 Qxe2 14. Nxd4 Qxe3 15. Nxe7+ Kh8 16. Bxe3 Nc3 17. Rb3 Na4 18. Nxc8 Rfxc8 19. Rxb7 Rxc4 20. Nb5 a5 1/2-1/2

[Event "Helsinki We KapSK A"]
[Site "Helsinki"]
[Date "2012.11.24"]
[Round "3"]
[White "Hynna, Kevin"]
[Black "Gronroos, Matti"]
[Result "1/2-1/2"]
[WhiteElo "1927"]
[BlackElo "1997"]
[PlyCount "55"]
[EventDate "2012.11.23"]
[EventType "swiss"]
[EventRounds "5"]
[EventCountry "FIN"]
[SourceTitle "EXT 2022"]
[Source "ChessBase"]
[SourceDate "2021.10.06"]
[SourceVersion "1"]
[SourceVersionDate "2021.10.06"]
[SourceQuality "1"]

1. e4 e5 2. Nc3 Nf6 3. f4 d5 4. fxe5 Nxe4 5. d3 Nxc3 6. bxc3 Nc6 7. Nf3 d4 8. cxd4 Nxd4 9. c3 Nxf3+ 10. Qxf3 Qh4+ 11. g3 Qa4 12. Bg2 Be7 13. 0-0 0-0 14. d4 c6 15. h4 f6 16. Qe4 Qc4 17. Rf3 Be6 18. Bf1 Qd5 19. Qxd5 Bxd5 20. Re3 fxe5 21. c4 Bf3 22. Bb2 e4 23. Bg2 g5 24. Bxf3 Rxf3 25. Rxf3 exf3 26. hxg5 Bxg5 27. Kf2 Rf8 28. Re1 1/2-1/2

[Event "Helsinki We Garde 2nd Group B"]
[Site "Helsinki"]
[Date "2012.08.28"]
[Round "4"]
[White "Hynna, Kevin"]
[Black "Alkkiomaki, Jyrki"]
[Result "1/2-1/2"]
[WhiteElo "1927"]
[BlackElo "2038"]
[PlyCount "39"]
[EventDate "2012.08.26"]
[EventType "swiss"]
[EventRounds "5"]
[EventCountry "FIN"]
[SourceTitle "EXT 2022"]
[Source "ChessBase"]
[SourceDate "2021.10.06"]
[SourceVersion "1"]
[SourceVersionDate "2021.10.06"]
[SourceQuality "1"]

1. e4 e5 2. d4 exd4 3. Qxd4 Nc6 4. Qe3 d6 5. Nc3 Nf6 6. Bd2 Be7 7. h3 d5 8. exd5 Nxd5 9. Qg3 Nxc3 10. Bxc3 Bf6 11. Bb5 Qe7+ 12. Ne2 Bxc3+ 13. Qxc3 0-0 14. 0-0 Bd7 15. Rfe1 Qg5 16. Nd4 Nxd4 17. Bxd7 c5 18. Re4 Qd5 19. Re7 Rad8 20. Bg4 1/2-1/2

[Event "Helsinki We Garde 2nd Group B"]
[Site "Helsinki"]
[Date "2012.08.27"]
[Round "3"]
[White "Hynna, Kevin"]
[Black "Jarnefelt, Wilhelm"]
[Result "1-0"]
[WhiteElo "1927"]
[BlackElo "1876"]
[PlyCount "45"]
[EventDate "2012.08.26"]
[EventType "swiss"]
[EventRounds "5"]
[EventCountry "FIN"]
[SourceTitle "EXT 2022"]
[Source "ChessBase"]
[SourceDate "2021.10.06"]
[SourceVersion "1"]
[SourceVersionDate "2021.10.06"]
[SourceQuality "1"]

1. e4 e5 2. Nc3 Nc6 3. f4 Bc5 4. Nf3 d6 5. Bc4 Bg4 6. h3 Bxf3 7. Qxf3 Nd4 8. Qg4 g6 9. d3 h5 10. Qg3 Nxc2+ 11. Kd1 h4 12. Qf3 Nxa1 13. fxe5 Rh7 14. Rf1 dxe5 15. Bxf7+ Kd7 16. Qg4+ Kc6 17. Qxg6+ Qd6 18. Bd5+ Kb6 19. Qxh7 c6 20. Bc4 Nf6 21. Na4+ Ka5 22. Qxb7 Nxe4 23. Qa6+ 1-0